|
|
|
|
| LEADER |
00000nam a2200000 4500 |
| 001 |
vtls012155571 |
| 003 |
SK-MaSNL |
| 005 |
20260301105429.0 |
| 008 |
221202s2004 xo e 000 0 slo |
| 015 |
|
|
|a SNBE2023
|
| 020 |
|
|
|q (brožované)
|
| 040 |
|
|
|a SNK
|b slo
|c SNK
|e rda
|
| 041 |
0 |
|
|a slo
|
| 043 |
|
|
|a e-xo---
|a e------
|
| 044 |
|
|
|a xo
|c SK
|
| 072 |
|
7 |
|a 336.7
|x Financie
|2 konspekt
|
| 080 |
|
|
|a 338.4
|2 2011
|
| 080 |
|
|
|a 631.145
|2 2011
|
| 080 |
|
|
|a 336
|2 2011
|
| 080 |
|
|
|a 338.43.02
|2 2011
|
| 080 |
|
|
|a (437.6)
|2 2011
|
| 080 |
|
|
|a (4)
|2 2011
|
| 080 |
|
|
|a (036)
|2 2011
|
| 245 |
0 |
0 |
|a Rozvoj a financovanie agropotravinárskeho odvetvia v rámci spoločnej poľnohospodárskej politiky EÚ
|
| 264 |
|
1 |
|a Bratislava
|b [Ministerstvo pôdohospodárstva Slovenskej republiky]
|c 2004
|
| 300 |
|
|
|a 14 nečíslovaných strán
|c 29 cm
|
| 336 |
|
|
|a text
|b txt
|2 rdacontent
|
| 337 |
|
|
|a bez média
|b n
|2 rdamedia
|
| 338 |
|
|
|a zväzok
|b nc
|2 rdacarrier
|
| 500 |
|
|
|a Názov z obálky
|
| 504 |
|
|
|a Obsahuje bibliografické odkazy
|
| 650 |
0 |
7 |
|a hospodárske odvetvia
|z Slovensko
|2 SNKPH
|9 445715
|
| 650 |
0 |
7 |
|a poľnohospodárska politika
|z krajiny Európskej únie
|2 SNKPH
|9 338884
|
| 650 |
0 |
7 |
|a poľnohospodársko-potravinársky komplex
|2 SNKPH
|9 58541
|
| 650 |
0 |
7 |
|a Economic sectors
|z Slovakia
|2 SNKPHeng
|9 445716
|
| 650 |
0 |
7 |
|a Agro complexes
|x financing
|z Slovakia
|2 SNKPHeng
|9 445717
|
| 650 |
0 |
7 |
|a Agricultural policy
|z European Union countries
|2 SNKPHeng
|9 338885
|
| 655 |
|
7 |
|a informačné publikácie
|2 SNKPH
|9 70181
|
| 655 |
|
7 |
|a Information publications
|2 SNKPHeng
|9 265188
|
| 954 |
|
|
|a iná literatúra (príručky, kuchárske knihy, hobby literatúra, sprievodcovia) pôvodná (slovenská)
|2 lita
|
| 958 |
|
|
|a NB
|
| 999 |
|
|
|c 700839
|d 702769
|
| 952 |
|
|
|a SNK
|b SNK
|y PREZ
|7 0
|p 17A1493372
|o snkOSB 20868
|i snk2022/18046
|8 7
|0 0
|1 0
|4 0
|d 2022-12-02
|l 0
|r 2026-02-23 20:56:38
|w 2026-02-23
|